[Event "BAN-chT2"]
[Site "Dhaka"]
[Date "2017.10.25"]
[Round "4.4"]
[White "Md, Nasim Hossain Bhuiy"]
[Black "Nasir, SAM"]
[Result "1-0"]
[WhiteElo "1944"]
[BlackElo "2048"]
[PlyCount "85"]
[EventDate "2017.10.22"]
[EventType "team-swiss"]
[EventRounds "7"]
[EventCountry "BAN"]
[SourceTitle "CBM 181 Extra"]
[Source "ChessBase"]
[SourceDate "2017.12.12"]
[SourceVersion "1"]
[SourceVersionDate "2017.12.12"]
[SourceQuality "1"]
[WhiteTeam "Legend Faraz Ayiaz"]
[BlackTeam "Dhaka Knights"]
[WhiteTeamCountry "BAN"]
[BlackTeamCountry "BAN"]

1. d4 Nf6 2. Nf3 g6 3. g3 Bg7 4. Bg2 0-0 5. 0-0 d6 6. b3 Nbd7 7. Bb2 c6 8. c4 d5 9. Nbd2 a5 10. Re1 b6 11. Ne5 Nxe5 12. dxe5 Ng4 13. Nf3 Bb7 14. Qd4 h5 15. cxd5 cxd5 16. h3 Nh6 17. Red1 Nf5 18. Qd3 e6 19. h4 Ba6 20. Qd2 Bh6 21. e3 b5 22. Nd4 Nxd4 23. Bxd4 Re8 24. Rdc1 Bf8 25. Rc6 Bb4 26. Qd3 Qd7 27. Rac1 Rec8 28. Rxc8+ Rxc8 29. Rxc8+ Qxc8 30. Bf1 Qc1 31. a4 bxa4 32. Qxa6 axb3 33. Qa8+ Kg7 34. Bb6 Bc3 35. Bc5 Bxe5 36. Qf8+ Kh7 37. Qxf7+ Kh8 38. Qf8+ Kh7 39. Kg2 b2 40. Qf7+ Kh8 41. Qe8+ Kg7 42. Bf8+ Kh7 43. Bd3 1-0

[Event "BAN-chT"]
[Site "Dhaka"]
[Date "2014.11.19"]
[Round "8"]
[White "Nasir, SAM"]
[Black "Gagunashvili, Merab"]
[Result "0-1"]
[WhiteElo "2097"]
[BlackElo "2569"]
[PlyCount "76"]
[EventDate "2014.11.12"]
[EventType "team-tourn"]
[EventRounds "9"]
[EventCountry "BAN"]
[SourceTitle "CBM 163 Extra"]
[Source "ChessBase"]
[SourceDate "2014.12.23"]
[SourceVersion "1"]
[SourceVersionDate "2014.12.23"]
[SourceQuality "1"]
[WhiteTeam "Narayanganj"]
[BlackTeam "Dhaka Mohammedan"]
[WhiteTeamCountry "BAN"]
[BlackTeamCountry "BAN"]

1. e4 d6 2. d4 Nf6 3. Nc3 g6 4. Nf3 Bg7 5. Bc4 0-0 6. 0-0 c6 7. e5 Ne8 8. Bf4 d5 9. Bd3 Bg4 10. h3 Bxf3 11. Qxf3 Nc7 12. Ne2 Ne6 13. Bg3 c5 14. c3 Nc6 15. Qe3 Qb6 16. dxc5 Qxc5 17. Qxc5 Nxc5 18. Bc2 Nxe5 19. Rad1 e6 20. Nd4 Rac8 21. Rfe1 Nc4 22. b3 Na3 23. Be5 Bxe5 24. Rxe5 Nd7 25. Re2 Rxc3 26. Bd3 Nc5 27. Red2 Nxd3 28. Rxd3 Rxd3 29. Rxd3 Rc8 30. b4 Rc1+ 31. Kh2 Nc4 32. Nb5 Rc2 33. Na3 Rxa2 34. Nxc4 dxc4 35. Rd8+ Kg7 36. b5 Rb2 37. Rc8 Rxb5 38. Rxc4 a5 0-1